| 000 | 00000nam##2200000za#4500 |
| 001 | 9.608637 |
| 003 | CaOODSP |
| 005 | 20200327164710 |
| 007 | ta |
| 008 | 150406|1992||||xxc||||| f|0| 0 eng|d |
| 020 | |a0-662-20088-8 |
| 022 | |a1188-8903 |
| 040 | |aCaOODSP|beng |
| 043 | |an-cn--- |
| 086 | 1 |aEn1-17/2-1992E |
| 110 | 1 |aCanada. |bEnvironment Canada. |bEnvironmental Protection Service. |
| 245 | 10|aContaminated soil: thermal treatment in an asphalt plant of soils contaminated with light hydrocarbons / |cby Johanne Lévesque. |
| 260 | |bEnvironment Canada. |c1992. |
| 300 | |a4p. : |bcoloured figs., tables ; |c28 cm. |
| 490 | 1 |aSt. Lawrence technologies|x1188-8903 |
| 563 | |aPamphlet |
| 590 | |a95-29|b1995-07-21 |
| 690 | 07|aSoil|2gcpds |
| 690 | 07|aContamination|2gcpds |
| 720 | 1 |aLévesque, Johanne |
| 775 | 08|tSols contaminés: traitement thermique des sols contaminés par des hydrocarbures légers dans une usine de fabrication d'asphalte / |w(CaOODSP)9.620738 |
| 776 | 0#|tContaminated soil. Thermal treatment in an asphalt plant of soil contaminated with light hydrocarbons |w(CaOODSP)9.571166 |
| 830 | #0|aSt. Lawrence technologies,|x1188-8903|w(CaOODSP)9.514532 |